All foreign players Kilmarnock FC - Statistics

General Stats
  • This quiz has been taken 15 times
  • The average score is 24 of 87
Answer Stats
Hint Answer % Correct
Alexei Eremenko
58%
Manuel Pascali
58%
Christophe Cocard
50%
Danny Buijs
50%
David Fernández
50%
David Silva
50%
Dieter Van Tornhout
50%
Frédéric Dindeleux
50%
Jérôme Vareille
50%
Liam Millar
50%
Willam Gros
50%
Youssuf Mulumbu
50%
Danny Invincibile
42%
Dario Del Fabro
42%
Dragoje Leković
42%
François Dubourdeau
42%
Jackson Irvine
42%
Laurenţiu Brănescu
42%
Mehdi Taouil
42%
Sanjuán
42%
Simeon Jackson
42%
Anssi Jaakkola
33%
Calderón
33%
Eric Joly
33%
Eric Skora
33%
Kristoffer Ajer
33%
Mohamadou Sissoko
33%
Nik Hämäläinen
33%
Osman Sow
33%
Simon Ford
33%
Souleymane Coulibaly
33%
Willy Aubameyang
33%
Aimé Koudou
25%
Alex Samizadeh
25%
Borja
25%
Chad Harpur
25%
Clevid Dikamona
25%
Daniel Bachmann
25%
David Merdy
25%
Dylan Kerr
25%
Dylan McGowan
25%
Flo Bojaj
25%
Ibrahim Rabiu
25%
Jan Koprivec
25%
Jeroen Tesselaar
25%
José Quitongo
25%
Julien Faubert
25%
Leonardo Fasan
25%
Lindsay Wilson
25%
Michaël Pizzo
25%
Mohamed El Makrini
25%
Nicke Kabamba
25%
Patrick Ada
25%
Reguero
25%
Reuben Shalu Gabriel
25%
Robert Prytz
25%
Rui Miguel
25%
Steven Old
25%
Vitālijs Maksimenko
25%
Zdeněk Kroča
25%
Benjamin Laurant
17%
Billy Berntsson
17%
Bright Enobakhare
17%
Damien Rascle
17%
David Moberg Karlsson
17%
Diaguely Dabo
17%
Georgios Fotakis
17%
Ismaël Bouzid
17%
Jorge Galán
17%
Kyle Jacobs
17%
Lawrie McKinna
17%
Leon Panikvar
17%
Michel Ngonge
17%
Mickael Wolski
17%
Momo Sylla
17%
Samassi Abou
17%
Samuel Boutal
17%
Billy Cook
8%
Billy Morris
8%
Carl Bertelsen
8%
Dapo Kayode
8%
David Robertson
8%
Fabrice Grange
8%
Franck Akamba
8%
Helmut Rahner
8%
Jasko Keranovic
8%
Kamar Cherrad
8%
No matching quizzes found
Score Distribution
Percent of People with Each Score
Percentile by Number Answered
Your Score History
You have not taken this quiz